| 000 | 00719nam a2200217 4500 | ||
|---|---|---|---|
| 999 |
_c160694 _d160694 |
||
| 005 | 20190214110547.0 | ||
| 010 | _aENG-124775 | ||
| 020 |
_a9780199484164 _c795.00 |
||
| 020 | _a0199484163 | ||
| 035 | _aEN-108307 | ||
| 037 | _bDBAD/PUB | ||
| 082 | _a082 | ||
| 245 |
_aIndia's vibgyor man: _bselected writings and speeches of l.m. Singhvi/ _cedited.by Bhishek Manu Singhvi [and] Lokendra Malik |
||
| 260 |
_aNew Delhi _bOxford University Press _c2018 |
||
| 270 |
_a2/11, Ground floor, Ansari Road, Daryaganj _bNew Delhi _e110002 |
||
| 300 |
_axxviii, 335p. _c22cm(Hb) |
||
| 500 | _aincludes index | ||
| 700 | _aSinghvi Bhishek Manu | ||
| 700 | _aMalik Lokendra | ||
| 942 |
_2ddc _cEN _h082 _mIND |
||